000 00653nam a2200205Ia 4500
003 GCL
008 140319s9999 xx 000 0 ara d
040 _aGCL /
_cGCL
082 0 4 _a813.01
_bهـ ك
100 1 _aسمير سرحان
245 1 0 _aكتاب المقهى الثقافى /
_cسمير سرحان
700 1 _aالهيئة المصرية العامة للكتاب
260 _a[S.N] :
_bالهيئة المصرية العامة للكتاب ،
_c1991
300 _a142 ص
490 _a
650 0 4 _aالادب العربى
650 0 4 _aالقصص العربية القصيرة
650 0 4 _aالمجموعات
942 _2ddc
_cBK
999 _c28224
_d28224